<?xml version="1.0" encoding="UTF-8"?>
<record
    xmlns:xsi="http://www.w3.org/2001/XMLSchema-instance"
    xsi:schemaLocation="http://www.loc.gov/MARC21/slim http://www.loc.gov/standards/marcxml/schema/MARC21slim.xsd"
    xmlns="http://www.loc.gov/MARC21/slim">

  <leader>01643nab a2200217 i 4500</leader>
  <controlfield tag="001">768714001</controlfield>
  <controlfield tag="003">CO-MdFUSB</controlfield>
  <controlfield tag="005">20240509171417.0</controlfield>
  <controlfield tag="008">240509t1969    sp ||||| |||| 00| 0 spa d</controlfield>
  <datafield tag="040" ind1=" " ind2=" ">
    <subfield code="b">spa</subfield>
    <subfield code="c">CO-MdFUSB</subfield>
    <subfield code="d">CO-MdFUSB</subfield>
  </datafield>
  <datafield tag="041" ind1=" " ind2=" ">
    <subfield code="a">spa</subfield>
  </datafield>
  <datafield tag="100" ind1=" " ind2=" ">
    <subfield code="a">Salman, Dominique Henri,</subfield>
    <subfield code="e">autor</subfield>
  </datafield>
  <datafield tag="245" ind1=" " ind2="3">
    <subfield code="a">Las drogas psicod&#xE9;licas y la experiencia religiosa</subfield>
    <subfield code="c">/ Dominique Henri Salman</subfield>
  </datafield>
  <datafield tag="520" ind1=" " ind2=" ">
    <subfield code="a">El uso de las drogas con fines religiosos est&#xE1; atestiguado por la historia de las religiones y por la etnolog&#xED;a.  No es, pues, de admirar el que ciertos grupos contempor&#xE1;neos sugieran el recurso a los productos psicomim&#xE9;ticos o psicod&#xE9;licos para provocar experiencias &#xAB;religiosas&gt;&gt; que de otro modo se sienten incapaces de conseguir.  Trataremos de evaluar el uso religioso que de ellas podr&#xED;a hacer un individuo de nuestro tiempo, en una situaci&#xF3;n personal y psicosocial muy diferente de las que imperaban en las culturas tradicionales y precient&#xED;ficas de anta&#xF1;o.
Para entender estos fen&#xF3;menos es indispensable establecer diferentes niveles en el an&#xE1;lisis.  Aqu&#xED; tendremos en cuenta cuatro que son suficientes para nuestro intento: 1) el de la psicofisiolog&#xED;a, 2) el de la personalidad individual, 3) el de la personalidad social y 4) el de la personalidad religiosa.
</subfield>
  </datafield>
  <datafield tag="650" ind1=" " ind2="0">
    <subfield code="a">Vida espiritual</subfield>
    <subfield code="9">51</subfield>
  </datafield>
  <datafield tag="650" ind1=" " ind2="7">
    <subfield code="a">Religi&#xF3;n</subfield>
    <subfield code="9">385</subfield>
  </datafield>
  <datafield tag="653" ind1=" " ind2=" ">
    <subfield code="a">Drogas psicod&#xE9;licas</subfield>
  </datafield>
  <datafield tag="773" ind1="0" ind2=" ">
    <subfield code="0">49450</subfield>
    <subfield code="9">82612</subfield>
    <subfield code="o">R2539</subfield>
    <subfield code="t">Revista internacional de teolog&#xED;a Concilium</subfield>
    <subfield code="w">(CO-MdFUSB)8</subfield>
    <subfield code="x">0210-1041</subfield>
    <subfield code="g">N&#xFA;mero 49, (noviembre, 1969), p&#xE1;ginas: 433 - 439</subfield>
    <subfield code="q">p&#xE1;gina: 433</subfield>
  </datafield>
  <datafield tag="942" ind1=" " ind2=" ">
    <subfield code="c">ANA</subfield>
  </datafield>
  <datafield tag="945" ind1=" " ind2=" ">
    <subfield code="a">Catherine Arias Alvarez - Practicante SENA</subfield>
  </datafield>
  <datafield tag="999" ind1=" " ind2=" ">
    <subfield code="c">69651</subfield>
    <subfield code="d">69651</subfield>
  </datafield>
</record>
